| 000 | nam a22 c 4500 | ||
|---|---|---|---|
| 999 |
_c460168 _d460168 |
||
| 003 | BLK | ||
| 005 | 20230518030343.0 | ||
| 008 | 200722b bul|||||r ||||||| ||bul|| | ||
| 040 | _aBLK | ||
| 041 |
_aBUL _cBUL |
||
| 080 |
_aБългарска литература _b821.163.2 _x-31 _z821.163.2-31 |
||
| 139 | _aСтрашимиров, Антон | ||
| 245 | 1 | 0 |
_aХоро _bРоман _cАнтон Страшимиров ; предг. Георги Марков. |
| 257 | _aBGR | ||
| 260 |
_aСофия _bБълг. писател _c1967 |
||
| 300 |
_a112 с. _c20 см |
||
| 380 | _aX | ||
| 490 |
_9201322 _aБиблиотека за ученика |
||
| 500 | _a1. изд. 1961 | ||
| 700 |
_9401063 _aМарков, Георги Митрев _eпредг. |
||
| 852 |
_aЦб 41810 _bЦб |
||
| 942 |
_cKNG _n0 _s1 |
||
| 944 | _kТД | ||